Encuentro Nacional de Investigación y docencia : (Registro nro. 24480)

Detalles MARC
000 -LEADER
fixed length control field 02148nam a2200301 4500
001 - CONTROL NUMBER
control field 0000013875
003 - CONTROL NUMBER IDENTIFIER
control field CO-CtgCURN
005 - DATE AND TIME OF LATEST TRANSACTION
control field 20250331185247.0
007 - PHYSICAL DESCRIPTION FIXED FIELD--GENERAL INFORMATION
fixed length control field ta
008 - FIXED-LENGTH DATA ELEMENTS--GENERAL INFORMATION
fixed length control field 160627s 000 0 eng d
020 ## - INTERNATIONAL STANDARD BOOK NUMBER
International Standard Book Number 9789584407450
040 ## - CATALOGING SOURCE
Original cataloging agency CO-CtgCURN
Language of cataloging spa
Transcribing agency coctgcurn
082 0# - DEWEY DECIMAL CLASSIFICATION NUMBER
Classification number 658
Item number En18
245 00 - TITLE STATEMENT
Title Encuentro Nacional de Investigación y docencia :
Remainder of title epistemología, Investigación y educación en las ciencias administrativas. Encuentro Nacional de Investigación y Docencia.
260 ## - PUBLICATION, DISTRIBUTION, ETC.
Place of publication, distribution, etc. Popayan :
Name of publisher, distributor, etc. Asociacion Colombiana de Facultades de Administración
300 ## - PHYSICAL DESCRIPTION
Extent 357 p.
336 ## - CONTENT TYPE
Source rdacontent
337 ## - MEDIA TYPE
Source rdamedia
Media type term sin mediacion
Media type code n
338 ## - CARRIER TYPE
Source rdacarrier
Carrier type term volumen
Carrier type code nc
500 ## - GENERAL NOTE
General note Incluye indice.
504 ## - BIBLIOGRAPHY, ETC. NOTE
Bibliography, etc. note Bibliografia (p. 357)
505 8# - FORMATTED CONTENTS NOTE
Formatted contents note Comentario sobre la Investigación en Administración en colombia.--Estudios interdisciplinarios de la gestion humana.--Contexto gestion e investigación.--Reflexiones basicas acerca de la problematica de la Administración de empresa en colombia.--Organizaciones informales y espacio publico.--La interpretacion comprehensiva como elemento fundante para la Investigación formativa en administracion.--Caracteristicas generales de las experiencias subjetivas de los estudiantes, maestros y directivos sobre la autonomia en los procesos de enseñanza aprendizaje en la facutlad de Administración de empresas del politecnico grancolombiano.--·Una epistemología de la Administración?.--Análisis del clima organizacional en empresas de la ciudad de Santa Marta durante el año 2005.--Los rastros dela gestion, la economia y la contadura: · Islas del conocimiento o periferias de la realidad?.--Sistematizacion de la experiencia en la construcción colectiva de la vision estrategica del departamento del Caueta al año 2025.--El contexto cultural como elemento de competencia para el negocio funerario
650 14 - SUBJECT ADDED ENTRY--TOPICAL TERM
Topical term or geographic name entry element Administración de empresas
Form subdivision Congresos, conferencias, etc.
700 1# - ADDED ENTRY--PERSONAL NAME
Personal name Sanabria R., Mauricio.
908 ## - PUT COMMAND PARAMETER (RLIN)
Put command parameter 160627
942 ## - ADDED ENTRY ELEMENTS (KOHA)
Koha item type Libros
Classification part 658
Item part En18
Source of classification or shelving scheme Dewey Decimal Classification
Existencias
Withdrawn status Lost status Source of classification or shelving scheme Damaged status Not for loan Collection Home library Current library Shelving location Date acquired Inventory number Total checkouts Full call number Barcode Date last seen Price effective from Koha item type Public note
    Dewey Decimal Classification     General Miguel Henríquez Castañeda Miguel Henríquez Castañeda General 03/31/2025 014500   658 En18 014500 03/31/2025 03/31/2025 Libros 650-ADMINS